000 00225 a2200097 4500
001 32801
100 _aHogben, L
245 _aMathematics for the million
260 _aLondon
_bGeorge Allen & Unwin
_c
090 _c21969
_d21969
942 _aNUST-CAE
_cM
_c13301
999 _c267874
_d267874